000 00896nam a22002297a 4500
008 160603b xxu||||| |||| 00| 0 eng d
082 _a700.457
_bM491b
100 _aAntonio Medina
_95125
110 _aCooperativa Cráter Invertido (editorial Cráneo invertido)
_95126
245 _aBienestar Animal
_cAntonio Medina
260 _aMexico
_bCooperativa Cráter Invertido (editorial Cráneo invertido)
_c2014
300 _a96 pag
_bill
_c21 cm
505 _tIntroducción
_tA lo lejos, un relampago
_tLa naturaleza del amor
_tCaminar Sobre un abismo
_tTranslated Texts
600 _aAntonio Medina
_95127
650 _aCrater Invertido
_95128
653 _aCritica e interpretación
653 _aBienestar animal
653 _aLenguaje - limites
653 _aAnimales-Politicas
700 _aAntonio Medina
_95129
710 _aCooperativa Cráter Invertido (editorial Cráneo invertido)
_95130
999 _c935
_d935